|
|
|
|
| LEADER |
00000nab a2200000 a 4500 |
| 001 |
vtls000736738 |
| 003 |
SK-MaSNL |
| 005 |
20260302193150.0 |
| 008 |
180206c2000 xo 0 slo |
| 015 |
|
|
|a SNBRB2000/11-27515
|
| 035 |
|
|
|a CLN000088605
|
| 040 |
|
|
|a SNKBUCL
|b slo
|c SNKBUCL
|e AACR2
|
| 041 |
0 |
|
|a slo
|
| 044 |
|
|
|a xo
|c SK
|
| 080 |
|
|
|a 336.215.1.027.55-057.75:368.43/.46
|2 UDC-MRF-SK2
|
| 080 |
|
|
|a 368.43/.46-057.75
|2 UDC-MRF-SK2
|
| 100 |
1 |
|
|a Piršelová, Dagmar
|4 aut
|9 194806
|
| 245 |
1 |
0 |
|a Zmeny v zdanení príjmov zo závislej činnosti
|c Dagmar Piršelová
|
| 650 |
0 |
7 |
|a poistné
|2 SNK
|9 852762
|
| 650 |
0 |
7 |
|a dohody o pracovnej činnosti
|2 SNK
|9 853780
|
| 650 |
0 |
7 |
|a daň z príjmov zo závislej činnosti a funkčných požitkov
|2 SNK
|9 838601
|
| 650 |
0 |
7 |
|a poistenie v nezamestnanosti
|2 SNKPH
|9 14198
|
| 650 |
0 |
7 |
|a dôchodkové zabezpečenie
|2 SNKPH
|9 29237
|
| 650 |
0 |
7 |
|a pracujúci dôchodcovia
|2 SNKPH
|9 73741
|
| 655 |
|
7 |
|a články z novín a časopisov
|2 SNK
|9 267496
|
| 773 |
0 |
|
|x 1335-0897
|t Daňový a účtovný poradca podnikateľa
|g Č. 14 (2000), s. 69-73
|
| 850 |
|
|
|a Slovenská národná knižnica v Martine
|
| 852 |
|
|
|a SNK
|b KIS3GCP
|
| 958 |
|
|
|a RBX
|
| 999 |
|
|
|c 1443535
|d 1445465
|